| 000 | 00407nam a2200133Ia 4500 | ||
|---|---|---|---|
| 008 | 170516s9999 xx 000 0 und d | ||
| 245 | _aInvolvement of Reactive Oxygen Species in Sonodynamically Induced Apoptosis Using a Novel Porphyrin Derivative | ||
| 260 | _bTheranostics | ||
| 260 | _c2012 | ||
| 300 | _a2:9 | ||
| 650 | _xMedical Technology | ||
| 650 | _xMedtech | ||
| 856 | _uhttp://www.thno.org/v2i9 | ||
| 999 |
_c330410 _d330410 |
||